Rozsypanka literowa - powiaty Polski - Statystyki

Ogólne statystyki
  • Ten quiz został rozwiązany 876 razy
    867 od ostatniego zresetowania
  • Średni wynik to 8 z 20
Statystyki odpowiedzi
Powiat % Poprawnych
Łódź
96%
Opole
96%
Tychy
91%
Wrocław
91%
Żory
91%
Gdańsk
89%
Toruń
89%
Chełm
88%
giżycki
88%
Płock
88%
Poznań
88%
Słupsk
87%
Bytom
86%
Konin
86%
piski
86%
pucki
86%
Elbląg
85%
Łomża
85%
Radom
85%
Sopot
85%
Lublin
84%
Gdynia
83%
słupski
82%
Warszawa
81%
miński
79%
Zamość
79%
Leszno
75%
kielecki
74%
Olsztyn
74%
Kielce
73%
Kraków
73%
Tarnów
73%
gdański
71%
łowicki
71%
Świnoujście
70%
Bydgoszcz
68%
Krosno
68%
łaski
68%
płocki
68%
suski
68%
buski
67%
chełmski
67%
gryficki
67%
rycki
67%
żarski
67%
Grudziądz
66%
dębicki
65%
ełcki
65%
nyski
65%
opolski
65%
pilski
65%
Chorzów
64%
łęczycki
63%
Zabrze
63%
chełmiński
61%
częstochowski
61%
Gliwice
61%
olecki
61%
płoński
61%
Rybnik
60%
Szczecin
60%
biłgorajski
59%
brzeski
59%
gliwicki
59%
głogowski
59%
kolski
59%
lęborski
59%
Włocławek
59%
bielski
58%
kłodzki
58%
leski
58%
opolski
58%
rawski
58%
żagański
58%
żywiecki
58%
Bielsko-Biała
57%
kaliski
57%
świecki
57%
bielski
56%
iławski
56%
milicki
56%
otwocki
56%
skarżyski
56%
Wałbrzych
56%
Częstochowa
55%
kamieński
55%
kłobucki
55%
wielicki
55%
Ostrołęka
54%
świdnicki
54%
brzeski
53%
gryfiński
53%
kępiński
53%
gorlicki
52%
grójecki
52%
krakowski
52%
mrągowski
52%
oleski
52%
puławski
52%
Siedlce
52%
sokólski
52%
turecki
52%
żniński
52%
grudziądzki
51%
pułtuski
51%
międzychodzki
50%
ostrołęcki
50%
leżajski
49%
Przemyśl
49%
bieszczadzki
48%
lubliniecki
48%
Nowy Sącz
48%
rybnicki
48%
śremski
48%
Kalisz
47%
koniński
47%
łańcucki
46%
łęczyński
46%
suwalski
46%
świdnicki
46%
makowski
45%
średzki
45%
tczewski
45%
będziński
44%
Białystok
44%
bydgoski
44%
jarosławski
44%
lipski
44%
lubański
44%
Mysłowice
44%
poznański
44%
radomski
44%
siedlecki
44%
Sosnowiec
44%
Świętochłowice
44%
olkuski
43%
Rzeszów
43%
węgrowski
43%
wejherowski
43%
wrocławski
43%
elbląski
42%
łosicki
42%
Suwałki
42%
węgorzewski
42%
zgierski
42%
Jaworzno
41%
legnicki
41%
lubiński
41%
pajęczański
41%
średzki
41%
toruński
41%
wadowicki
41%
niżański
40%
pyrzycki
40%
mikołowski
39%
myśliborski
39%
rypiński
39%
bialski
38%
inowrocławski
38%
łomżyński
38%
zamojski
38%
gnieźnieński
37%
wieluński
37%
dąbrowski
36%
drawski
36%
Legnica
36%
mławski
36%
myślenicki
36%
chojnicki
35%
gostyński
35%
hajnowski
35%
janowski
35%
kolneński
35%
malborski
35%
mielecki
35%
policki
35%
rawicki
35%
Ruda Śląska
35%
sanocki
35%
sejneński
35%
wałecki
35%
pabianicki
34%
słubicki
34%
bełchatowski
33%
Jelenia Góra
33%
Katowice
33%
konecki
33%
górowski
32%
jędrzejowski
32%
poddębicki
32%
Siemianowice Śląskie
32%
skierniewicki
32%
Tarnobrzeg
32%
tatrzański
32%
wąbrzeski
32%
ząbkowicki
32%
żuromiński
32%
żyrardowski
32%
gołdapski
31%
gostyniński
31%
kartuski
31%
lidzbarski
31%
białostocki
30%
chodzieski
30%
kędzierzyńsko-kozielski
30%
lubelski
30%
międzyrzecki
30%
ostródzki
30%
przasnyski
30%
sokołowski
30%
Biała Podlaska
29%
grodziski
29%
kraśnicki
29%
lwówecki
29%
polkowicki
29%
szamotulski
29%
bytowski
28%
grodziski
28%
kościański
28%
nowotomyski
28%
sieradzki
28%
świebodziński
28%
wyszkowski
28%
Zielona Góra
28%
łukowski
27%
nakielski
27%
nowosądecki
27%
pleszewski
27%
słupecki
27%
strzelecko-drezdenecki
27%
wałbrzyski
27%
wieruszowski
27%
wołomiński
27%
wołowski
27%
złotoryjski
27%
brzeziński
26%
cieszyński
26%
golubsko-dobrzyński
26%
gorzowski
26%
Jastrzębie-Zdrój
26%
karkonoski
26%
kazimierski
26%
krośnieński
26%
krośnieński
26%
łobeski
26%
nidzicki
26%
szczecinecki
26%
wągrowiecki
26%
włocławski
26%
augustowski
25%
bocheński
25%
hrubieszowski
25%
jaworski
25%
kamiennogórski
25%
kluczborski
25%
koszaliński
25%
sępoleński
25%
sztumski
25%
tucholski
25%
zwoleński
25%
kolbuszowski
24%
myszkowski
24%
olsztyński
24%
pińczowski
24%
raciborski
24%
sierpecki
24%
sulęciński
24%
wodzisławski
24%
kozienicki
23%
krapkowicki
23%
moniecki
23%
prudnicki
23%
trzebnicki
23%
włodawski
23%
kętrzyński
22%
limanowski
22%
piotrkowski
22%
włoszczowski
22%
zielonogórski
22%
białobrzeski
21%
czarnkowsko-trzcianecki
21%
Dąbrowa Górnicza
21%
działdowski
21%
kwidzyński
21%
łódzki wschodni
21%
nowomiejski
21%
Skierniewice
21%
tarnogórski
21%
tarnowski
21%
białogardzki
20%
Gorzów Wielkopolski
20%
grajewski
20%
złotowski
20%
garwoliński
19%
obornicki
19%
strzelecki
19%
świdwiński
19%
zgorzelecki
19%
nowosolski
18%
radomszczański
18%
wschowski
18%
bartoszycki
17%
głubczycki
17%
jarociński
17%
ostrowiecki
17%
rzeszowski
17%
wysokomazowiecki
17%
brodnicki
16%
jasielski
16%
kościerski
16%
nowodworski
16%
ostrowski
16%
oświęcimski
16%
kołobrzeski
15%
krotoszyński
15%
parczewski
15%
pszczyński
15%
sandomierski
15%
siemiatycki
15%
sławieński
15%
starogardzki
15%
szydłowiecki
15%
bieruńsko-lędziński
14%
opatowski
14%
ostrowski
14%
Piekary Śląskie
14%
pruszkowski
14%
radzyński
14%
sochaczewski
14%
tomaszowski
14%
ciechanowski
13%
krasnostawski
13%
radziejowski
13%
stargardzki
13%
przysuski
12%
ropczycko-sędziszowski
12%
braniewski
11%
choszczeński
11%
człuchowski
11%
leszczyński
11%
nowotarski
11%
oleśnicki
11%
stalowowolski
11%
starachowicki
11%
wolsztyński
11%
wrzesiński
11%
brzozowski
10%
chrzanowski
10%
kutnowski
10%
lipnowski
10%
piaseczyński
10%
szczycieński
10%
tarnobrzeski
10%
zawierciański
10%
zduńskowolski
10%
bolesławiecki
9%
nowodworski
9%
oławski
9%
zambrowski
9%
dzierżoniowski
8%
Koszalin
8%
opoczyński
8%
aleksandrowski
7%
goleniowski
7%
legionowski
7%
przemyski
7%
strzeliński
7%
tomaszowski
7%
namysłowski
6%
Piotrków Trybunalski
6%
mogileński
5%
proszowicki
5%
lubartowski
4%
przeworski
4%
ostrzeszowski
3%
staszowski
3%
strzyżowski
3%
lubaczowski
0%
miechowski
0%
warszawski-zachodni
0%
Nie znaleziono quizów pasujących do podanych kryteriów
Rozkład punktacji
Procent ludzi z każdym wynikiem
Percentyl według liczby udzielonych odpowiedzi
Twoja historia wyników
Nie rozwiązałeś tego quizu od ostatniego zresetowania